000
00306nam a22001097a 4500
008
160420b xxu||||| |||| 00| 0 eng d
020
_a
9781416069980
041
_a
eng
080
_a
618.2
245
_a
Maternal child nursing;
_c
Emily Slone McKinney ;Susan Rowen James; Sharon Smith Murray;
942
_2
udc
_c
BK
999
_c
1473
_d
1473